000 00928nas a2200289 4500
001 BR0802687
003 BR-BrBNA
005 20231205112041.0
007 ta
008 230509b bl.|||p| |||| 00| 00por d
040 _aBR-BrBNA
_bpor
_cBiblioteca Nacional de Agricultura
041 _a(Pt)
072 _aL70; L20; H10
100 1 _aEstrela, J.L.V.
100 1 _aGudes, R.N.C.
100 1 _aMaltha, C.R.A.
100 1 _aFazolin, M.
245 1 _aToxicidade de Amidas análogas à piperina a larvas de Ascia monuste orseis Godart (Lepidoptera: Pieridae)e Spodoptera frugiperda (J.E.Smith)(Lepidoptera: Noctuidae
650 _aINSETO
650 _aTOXIDADE
650 _aLAGARTA
650 _aPRAGA DE PLANTA
650 _aMILHO
773 0 _tNeotropical Entomology (Brazil)
_xISSN 1519-566X
_g(Apr-Jun 2003), v. 32(2) p. 343-346
_wBR0802687
909 _a202311
_bLúcia
_c55
_dLúcia Elande
942 _2AGRIS
_n0
_cANA
999 _c195826
_d195826